Fearless (Taylor's Version) Tracklist - Statistics

General Stats
  • This quiz has been taken 566 times
  • The average score is 19 of 26
Answer Stats
Hint Answer % Correct
Fearless
99%
You Belong With Me
97%
Love Story
95%
White Horse
92%
Fifteen
89%
Hey Stephen
87%
feat. Colbie Caillat Breathe
83%
Mr. Perfectly Fine
79%
Change
77%
The Way I Loved You
77%
Forever & Always
76%
feat. Keith Urban That's When
75%
The Other Side of the Door
75%
Jump Then Fall
73%
The Best Day
72%
Bye Bye Baby
71%
You're Not Sorry
69%
Superstar
68%
Tell Me Why
68%
Don't You
66%
Today Was a Fairytale
66%
Come In With The Rain
64%
Untouchable
63%
feat. Maren Morris You All Over Me
60%
We Were Happy
56%
Forever & Always (Piano Version)
29%
No matching quizzes found
Score Distribution
Percent of People with Each Score
Percentile by Number Answered
Your Score History
You have not taken this quiz